[Event "Bodensee-Cup 2008 (Württemberg-Schweiz)"]
[Site "Wasserburg (25.4.-27.4)"]
[Date "2008.04.26"]
[Round "2.11"]
[White "Nuri, Kambez"]
[Black "Strunski, Andreas"]
[Result "0-1"]
[WhiteElo "2172"]
[BlackElo "2269"]
[PlyCount "90"]
[EventDate "2008.??.??"]
[EventType "team-tourn"]
[EventRounds "2"]
[WhiteTeam "SUI"]
[BlackTeam "Württemberg/Stuttgart SF"]
[WhiteTeamCountry "SUI"]
[BlackTeamCountry "GER"]

1. e4 e6 2. d4 d5 3. Nc3 Nf6 4. Bg5 dxe4 5. Nxe4 Be7 6. Bxf6 gxf6 7. Nf3 a6 8.
Bd3 b5 9. Qe2 Bb7 10. Rd1 Nd7 11. Ng3 Nb6 12. Nh5 Qd5 13. Nf4 Qxa2 14. b3 Qa5+
15. Kf1 Qc3 16. Be4 O-O-O 17. Rd3 Qb2 18. Bxb7+ Kxb7 19. g3 Bd6 20. Ng2 Nd5 21.
Nge1 Rhg8 22. Nd2 c6 23. Ne4 Be7 24. Rd2 Nc3 25. Qd3 Nxe4 26. Qxe4 f5 27. Qe3
Bb4 28. Rd3 Bxe1 29. Qxe1 Qxc2 30. Qe3 Rg4 31. Kg2 Re4 32. Qf3 Rexd4 33. Rc3
Qe4 34. Qxe4 fxe4 35. Rhc1 R8d6 36. Rc5 f5 37. g4 R4d5 38. g5 Kb6 39. b4 f4 40.
h4 Rd2 41. h5 e3 42. g6 hxg6 43. h6 e2 44. R5c3 Rd7 45. Rxc6+ Kb7 0-1

[Event "Bodensee-Cup 2008 (Württemberg-Schweiz)"]
[Site "Wasserburg (25.4.-27.4)"]
[Date "2008.04.26"]
[Round "2.12"]
[White "Schloetzer, Waldemar"]
[Black "Gaehler, Marco"]
[Result "1-0"]
[WhiteElo "2241"]
[BlackElo "2201"]
[PlyCount "119"]
[EventDate "2008.??.??"]
[EventType "team-tourn"]
[EventRounds "2"]
[WhiteTeam "Baden/Buchen BG"]
[BlackTeam "SUI"]
[WhiteTeamCountry "GER"]
[BlackTeamCountry "SUI"]

1. d4 Nf6 2. c4 g6 3. Nc3 Bg7 4. e4 d6 5. f3 O-O 6. Be3 c5 7. Nge2 Nc6 8. Qd2
a6 9. Rd1 Qa5 10. dxc5 dxc5 11. Nd5 Qxd2+ 12. Rxd2 Nd7 13. f4 b6 14. g3 e6 15.
Ndc3 Rd8 16. Bg2 e5 17. O-O Nd4 18. Nd5 Bb7 19. b3 Rab8 20. fxe5 Nxe2+ 21. Rxe2
Bxe5 22. Bg5 Re8 23. Bh3 Bxd5 24. cxd5 Rb7 25. Kg2 Bd4 26. Bxd7 Rxd7 27. Kf3 f5
28. exf5 Rxe2 29. Kxe2 Rxd5 30. g4 Kf7 31. fxg6+ Kxg6 32. Bd2 Bf6 33. Rf3 a5
34. a4 Rd4 35. Rf4 Rd6 36. Re4 Bg5 37. Be1 Bf6 38. Bg3 Rc6 39. Kd3 Bd4 40. Kc4
Rf6 41. Kd5 Rf3 42. Re6+ Kg5 43. Rxb6 Kxg4 44. Bd6 h5 45. Bxc5 Bxc5 46. Kxc5
Kh3 47. Rb5 Kxh2 48. Kb6 h4 49. Kxa5 Kg3 50. b4 h3 51. Rg5+ Kf4 52. Rg1 h2 53.
Rh1 Rh3 54. b5 Ke5 55. b6 Kd6 56. Ka6 Rh6 57. a5 Kc6 58. b7 Kc5+ 59. Ka7 Rh7
60. Ka8 1-0

[Event "Bodensee-Cup 2008 (Baden-Württemberg)"]
[Site "Wasserburg (25.4.-27.4)"]
[Date "2008.04.27"]
[Round "3.1"]
[White "Knoedler, Dieter Dr"]
[Black "Bogner, Sebastian"]
[Result "1/2-1/2"]
[WhiteElo "2373"]
[BlackElo "2462"]
[PlyCount "66"]
[EventDate "2008.04.??"]
[EventType "team-tourn"]
[EventRounds "3"]
[WhiteTeam "Württemberg/Markdorf SK"]
[BlackTeam "Baden/Neuhausen SK"]
[WhiteTeamCountry "GER"]
[BlackTeamCountry "GER"]

1. c4 Nf6 2. g3 g6 3. Bg2 Bg7 4. Nc3 O-O 5. e4 c5 6. Nge2 Nc6 7. d3 Ne8 8. Be3
Nd4 9. O-O d6 10. Rb1 Nc7 11. b4 Nce6 12. f4 Rb8 13. f5 Nc7 14. g4 e6 15. Qd2
exf5 16. gxf5 gxf5 17. bxc5 dxc5 18. Ng3 fxe4 19. Ncxe4 f5 20. Nxc5 b6 21. Bf4
Qe7 22. Nb3 Bb7 23. Nxd4 Bxd4+ 24. Kh1 Kh8 25. Rbe1 Qd7 26. Bxc7 Qxc7 27. Nxf5
Rg8 28. Be4 Qd7 29. Nxd4 Qxd4 30. Qf2 Bxe4+ 31. Rxe4 Qxd3 32. Qf6+ Rg7 33. Rd4
Qg6 1/2-1/2

[Event "Bodensee-Cup 2008 (Baden-Württemberg)"]
[Site "Wasserburg (25.4.-27.4)"]
[Date "2008.04.27"]
[Round "3.2"]
[White "Strohhaeker, Raoul"]
[Black "Mueller, Ralf(03.69)"]
[Result "1-0"]
[WhiteElo "2411"]
[BlackElo "2336"]
[PlyCount "107"]
[EventDate "2008.04.??"]
[EventType "team-tourn"]
[EventRounds "3"]
[WhiteTeam "Baden/Baden-Baden OSC"]
[BlackTeam "Württemberg/Schwäb.Gmünd SG"]
[WhiteTeamCountry "GER"]
[BlackTeamCountry "GER"]

1. e4 c5 2. Nf3 d6 3. d4 cxd4 4. Nxd4 Nf6 5. Nc3 Nc6 6. g3 Nxd4 7. Qxd4 g6 8.
Bg5 Bg7 9. Bg2 O-O 10. O-O h6 11. Bd2 Be6 12. Rac1 b5 13. Nxb5 Nd7 14. Qa4 Nb6
15. Qa5 Bc4 16. Rfd1 Qd7 17. Nc3 Rfc8 18. b3 Be6 19. Nd5 Rc5 20. Nxb6 Qd8 21.
Qxc5 dxc5 22. Nxa8 Qxa8 23. c4 Bg4 24. f3 Bd4+ 25. Kh1 Bd7 26. Bxh6 f5 27. Rf1
Kf7 28. Rce1 Bc6 29. Bg5 e6 30. Re2 a5 31. exf5 gxf5 32. g4 e5 33. gxf5 Qc8 34.
f4 Bxg2+ 35. Kxg2 Qc6+ 36. Kg3 e4 37. h4 e3 38. Kg4 Qe4 39. Rd1 Kg7 40. h5 Kh7
41. Bh4 Kh6 42. Bd8 Qe8 43. Bg5+ Kh7 44. f6 Qe4 45. h6 Kg6 46. h7 Qe6+ 47. Kg3
Kxh7 48. Rh1+ Kg6 49. Rh6+ Kf5 50. Rh7 Qd6 51. Re7 Qd8 52. f7 Qf8 53. Rh2 Qg7
54. Rh7 1-0

[Event "Bodensee-Cup 2008 (Baden-Württemberg)"]
[Site "Wasserburg (25.4.-27.4)"]
[Date "2008.04.27"]
[Round "3.3"]
[White "Weidemann, Joerg"]
[Black "Arnold, Lothar"]
[Result "1/2-1/2"]
[WhiteElo "2339"]
[BlackElo "2365"]
[PlyCount "82"]
[EventDate "2008.04.??"]
[EventType "team-tourn"]
[EventRounds "3"]
[WhiteTeam "Württemberg/Bebenhausen SK"]
[BlackTeam "Baden/Karlsruhe SF"]
[WhiteTeamCountry "GER"]
[BlackTeamCountry "GER"]

1. e4 e6 2. d3 d5 3. Nd2 c5 4. g3 Nc6 5. Bg2 g6 6. Ngf3 Bg7 7. O-O Nge7 8. Rb1
b6 9. a3 a5 10. a4 O-O 11. Re1 Qc7 12. h4 h6 13. exd5 Nxd5 14. Nc4 Bb7 15. c3
Rad8 16. Qb3 Nce7 17. Nfd2 Nc8 18. Na3 Nde7 19. Nb5 Qd7 20. Be4 Bd5 21. Nc4 Nc6
22. Bf4 e5 23. Bc1 Kh8 24. Ra1 f5 25. Bxd5 Qxd5 26. Nd2 Qxb3 27. Nxb3 Rxd3 28.
Nd2 Rfd8 29. Nc4 Rd1 30. Be3 Rxa1 31. Rxa1 Rd7 32. Kf1 Kg8 33. Kg2 Kf7 34. f3
Ke6 35. g4 f4 36. Bf2 Bf6 37. Rh1 Bd8 38. h5 g5 39. Nd2 N8a7 40. Na3 Be7 41.
Ne4 Nc8 1/2-1/2

[Event "Bodensee-Cup 2008 (Baden-Württemberg)"]
[Site "Wasserburg (25.4.-27.4)"]
[Date "2008.04.27"]
[Round "3.4"]
[White "Pfrommer, Christoph"]
[Black "Hirneise, Tobias"]
[Result "1/2-1/2"]
[WhiteElo "2301"]
[BlackElo "2362"]
[PlyCount "41"]
[EventDate "2008.04.??"]
[EventType "team-tourn"]
[EventRounds "3"]
[WhiteTeam "Baden/Karlsruhe SF"]
[BlackTeam "Baden/Neuhausen SK"]
[WhiteTeamCountry "GER"]
[BlackTeamCountry "GER"]

1. d4 Nf6 2. Bg5 Ne4 3. Bf4 e6 4. Nd2 Bd6 5. Bxd6 Nxd6 6. e4 f5 7. exf5 exf5 8.
Qe2+ Qe7 9. Qxe7+ Kxe7 10. O-O-O b6 11. Nc4 Nxc4 12. Bxc4 Bb7 13. Ne2 Nc6 14.
Nf4 Rae8 15. h4 Kd8 16. c3 Na5 17. Bd3 Be4 18. Bf1 Bb7 19. Bd3 Be4 20. Bf1 Bb7
21. Bd3 1/2-1/2

[Event "Bodensee-Cup 2008 (Baden-Württemberg)"]
[Site "Wasserburg (25.4.-27.4)"]
[Date "2008.04.27"]
[Round "3.5"]
[White "Lorscheid, Gerhard"]
[Black "Schwalfenberg, Joerg"]
[Result "1/2-1/2"]
[WhiteElo "2317"]
[BlackElo "2269"]
[PlyCount "59"]
[EventDate "2008.04.??"]
[EventType "team-tourn"]
[EventRounds "3"]
[WhiteTeam "Württemberg/Stuttgart SF"]
[BlackTeam "Baden/Handschuhsheim SK"]
[WhiteTeamCountry "GER"]
[BlackTeamCountry "GER"]

1. d4 d5 2. c4 c6 3. Nf3 Nf6 4. Qc2 g6 5. Bf4 Bg7 6. e3 O-O 7. Nc3 Nbd7 8. h3
dxc4 9. Bxc4 Nb6 10. Bb3 Nbd5 11. Bg3 Qa5 12. O-O Nxc3 13. Qxc3 Qxc3 14. bxc3
Ne4 15. Bh4 Nxc3 16. Bxe7 Re8 17. Bb4 Nd5 18. Bxd5 cxd5 19. Rfc1 Bd7 20. Rab1
Rac8 21. Bd6 b6 22. g4 f6 23. Kg2 Ba4 24. Ne1 Kf7 25. f3 h5 26. Kf2 hxg4 27.
hxg4 Ke6 28. Rxc8 Rxc8 29. Bb4 Bb5 30. Bf8 1/2-1/2

[Event "Bodensee-Cup 2008 (Baden-Württemberg)"]
[Site "Wasserburg (25.4.-27.4)"]
[Date "2008.04.27"]
[Round "3.7"]
[White "Braeuning, Rudolf"]
[Black "Scherer, Helmut(69)"]
[Result "1/2-1/2"]
[WhiteElo "2316"]
[BlackElo "2270"]
[PlyCount "49"]
[EventDate "2008.04.??"]
[EventType "team-tourn"]
[EventRounds "3"]
[WhiteTeam "Württemberg/Bebenhausen SK"]
[BlackTeam "Baden/Freiburg-Zähringen SK"]
[WhiteTeamCountry "GER"]
[BlackTeamCountry "GER"]

1. e4 e5 2. f4 Bc5 3. Nf3 d6 4. Nc3 Nf6 5. Bc4 O-O 6. d3 Be6 7. fxe5 dxe5 8.
Bxe6 fxe6 9. Nxe5 Qd4 10. Ng4 Nxg4 11. Qxg4 Qf2+ 12. Kd1 Rf6 13. Qg3 Nc6 14.
Ne2 Raf8 15. c3 e5 16. b4 Bb6 17. a4 a6 18. Ra2 Rg6 19. Qxf2 Rxf2 20. g3 Rd6
21. Rd2 Be3 22. Ke1 Rf3 23. Rd1 Bf2+ 24. Kd2 Rfxd3+ 25. Kc2 1/2-1/2

[Event "Bodensee-Cup 2008 (Baden-Württemberg)"]
[Site "Wasserburg (25.4.-27.4)"]
[Date "2008.04.27"]
[Round "3.8"]
[White "Postojev, Alexander"]
[Black "Heidenfeld, Mark"]
[Result "1/2-1/2"]
[WhiteElo "2309"]
[BlackElo "2308"]
[PlyCount "56"]
[EventDate "2008.04.??"]
[EventType "team-tourn"]
[EventRounds "3"]
[WhiteTeam "Baden/Handschuhsheim SK"]
[BlackTeam "Württemberg/Ulm-Post SV"]
[WhiteTeamCountry "GER"]
[BlackTeamCountry "GER"]

1. Nf3 Nf6 2. c4 c6 3. Nc3 d5 4. d4 g6 5. e3 Bg7 6. Be2 O-O 7. b3 Bf5 8. O-O
Ne4 9. Bb2 Nd7 10. Nxe4 Bxe4 11. Ng5 Bf5 12. g4 h6 13. gxf5 hxg5 14. fxg6 f5
15. cxd5 cxd5 16. f4 g4 17. e4 e6 18. e5 Qh4 19. Qd3 Rfc8 20. Rac1 Nf8 21. Qg3
Nxg6 22. Bb5 Qxg3+ 23. hxg3 Nf8 24. Ba3 a6 25. Bd3 Nd7 26. Rxc8+ Rxc8 27. Rc1
Rxc1+ 28. Bxc1 Bf8 1/2-1/2

[Event "Bodensee-Cup 2008 (Baden-Württemberg)"]
[Site "Wasserburg (25.4.-27.4)"]
[Date "2008.04.27"]
[Round "3.9"]
[White "Dausch, Rene"]
[Black "Fuchs, Heinz(63)"]
[Result "1-0"]
[WhiteElo "2299"]
[BlackElo "2236"]
[PlyCount "79"]
[EventDate "2008.04.??"]
[EventType "team-tourn"]
[EventRounds "3"]
[WhiteTeam "Württemberg/Böblingen SC"]
[BlackTeam "Baden/Untergrombach SC"]
[WhiteTeamCountry "GER"]
[BlackTeamCountry "GER"]

1. d4 Nf6 2. Nf3 g6 3. Bg5 Bg7 4. Nbd2 O-O 5. e4 d6 6. c3 Qe8 7. Be2 e5 8. dxe5
dxe5 9. O-O h6 10. Bh4 Nh5 11. Re1 Nf4 12. Bf1 g5 13. Bg3 Qe7 14. Nc4 Nd7 15.
Qc2 Re8 16. Ne3 c6 17. Nf5 Qf6 18. Rad1 Bf8 19. Nd2 Nb6 20. a4 a5 21. f3 Be6
22. Bf2 Nc8 23. g3 Nh5 24. Bc4 Ng7 25. g4 Nd6 26. Be2 Nc8 27. Kg2 Ne7 28. Rh1
Nc8 29. h4 Bxf5 30. exf5 Nd6 31. Ne4 Nxe4 32. Qxe4 Red8 33. hxg5 hxg5 34. Bg3
Rxd1 35. Rxd1 Bd6 36. Bf2 Ne8 37. Be3 Qe7 38. Bc4 Kg7 39. Rh1 Qf6 40. Rh5 1-0

[Event "Bodensee-Cup 2008 (Baden-Württemberg)"]
[Site "Wasserburg (25.4.-27.4)"]
[Date "2008.04.27"]
[Round "3.10"]
[White "Herbrechtsmeier, Christof"]
[Black "Reuss, Andreas(81)"]
[Result "1-0"]
[WhiteElo "2280"]
[BlackElo "2292"]
[PlyCount "109"]
[EventDate "2008.04.??"]
[EventType "team-tourn"]
[EventRounds "3"]
[WhiteTeam "Baden/Freiburg-Zähringen SK"]
[BlackTeam "Württemberg/Stuttgart SF"]
[WhiteTeamCountry "GER"]
[BlackTeamCountry "GER"]

1. e4 c6 2. c4 d5 3. cxd5 Nf6 4. dxc6 Nxc6 5. Nc3 e5 6. d3 Bc5 7. Be3 Nd4 8. h3
O-O 9. Nf3 Nxf3+ 10. Qxf3 Qb6 11. Qe2 Be6 12. Bxc5 Qxc5 13. g3 Rfd8 14. Bg2 Rd4
15. O-O Rad8 16. Rfd1 b5 17. Qe3 Qb6 18. a3 Bb3 19. Rd2 Nd7 20. Ne2 Rd6 21. d4
Bc4 22. d5 Qxe3 23. fxe3 Nc5 24. Nc1 a5 25. b4 Nd7 26. Nd3 Ra8 27. Rc1 axb4 28.
axb4 Ra4 29. h4 g6 30. Bh3 Nf6 31. Nxe5 Nxe4 32. Nxc4 bxc4 33. Rd4 Nxg3 34. Kf2
Nf5 35. Bxf5 gxf5 36. Rcxc4 Kg7 37. Rc6 Rd7 38. Kf3 Ra8 39. b5 Rad8 40. b6 Rxd5
41. b7 Rxd4 42. exd4 Rb8 43. Rb6 Kf8 44. Kf4 Ke7 45. Kxf5 Kd7 46. Kf6 h5 47.
Kxf7 Kc7 48. Rb4 Kd6 49. Kg6 Kc7 50. Kxh5 Rh8+ 51. Kg4 Kb8 52. h5 Rg8+ 53. Kf5
Rh8 54. Kg6 Rg8+ 55. Kf7 1-0

[Event "Bodensee-Cup 2008 (Baden-Württemberg)"]
[Site "Wasserburg (25.4.-27.4)"]
[Date "2008.04.27"]
[Round "3.11"]
[White "Strunski, Andreas"]
[Black "Mader, Manuela"]
[Result "1-0"]
[WhiteElo "2269"]
[BlackElo "2101"]
[PlyCount "83"]
[EventDate "2008.04.??"]
[EventType "team-tourn"]
[EventRounds "3"]
[WhiteTeam "Württemberg/Stuttgart SF"]
[BlackTeam "Baden/Neuhausen SK"]
[WhiteTeamCountry "GER"]
[BlackTeamCountry "GER"]

1. d4 Nf6 2. c4 g6 3. Nc3 Bg7 4. e4 d6 5. Nge2 O-O 6. Ng3 c5 7. d5 e6 8. Be2
exd5 9. exd5 a6 10. Bf4 Qc7 11. Qd2 Re8 12. O-O Nbd7 13. h3 Ne5 14. Bh6 Bh8 15.
Rae1 Ned7 16. Bg5 Nf8 17. Qf4 N6d7 18. Qh4 f6 19. Bh6 f5 20. Bd1 Nf6 21. Rxe8
Nxe8 22. Re1 Be5 23. Ba4 b5 24. cxb5 axb5 25. Bxb5 Ng7 26. f4 Bd4+ 27. Kh1 Ra7
28. a4 Qf7 29. Nge2 Re7 30. Ng1 Rxe1 31. Qxe1 Bb7 32. Nf3 Bxd5 33. Ng5 Qb7 34.
Nxd5 Qxd5 35. Qe2 Qb7 36. Bxg7 Kxg7 37. a5 Bf6 38. a6 Qa7 39. Qf3 Bd8 40. Qd5
Qd7 41. Bc4 Qe7 42. a7 1-0

[Event "Bodensee-Cup 2008 (Baden-Württemberg)"]
[Site "Wasserburg (25.4.-27.4)"]
[Date "2008.04.27"]
[Round "3.12"]
[White "Bogner, Norbert"]
[Black "Schloetzer, Waldemar"]
[Result "0-1"]
[WhiteElo "1997"]
[BlackElo "2241"]
[PlyCount "68"]
[EventDate "2008.04.??"]
[EventType "team-tourn"]
[EventRounds "3"]
[WhiteTeam "Baden/Neuhausen SK"]
[BlackTeam "Baden/Buchen BG"]
[WhiteTeamCountry "GER"]
[BlackTeamCountry "GER"]

1. d4 d5 2. c4 e6 3. Nc3 Be7 4. cxd5 exd5 5. Qc2 Nf6 6. Bg5 O-O 7. e3 Nbd7 8.
Bd3 Re8 9. Nge2 Nf8 10. f3 Be6 11. O-O Rc8 12. e4 dxe4 13. fxe4 c5 14. dxc5 Ng4
15. Bxe7 Qxe7 16. Nd1 Rxc5 17. Nec3 Rd8 18. Be2 Qg5 19. Bxg4 Rd2 20. Qxd2 Qxd2
21. Bf3 Bc4 22. Nf2 Bxf1 23. Rxf1 b5 24. Nfd1 Ne6 25. Rf2 Qd4 26. a3 a5 27. Kh1
b4 28. axb4 axb4 29. Nd5 Rc1 30. Rf1 Ng5 31. Ne7+ Kf8 32. Nf5 Qd3 33. Nfe3 Nxf3
34. gxf3 Rxd1 0-1

[Event "Bodensee-Cup 2008 (Schweiz-Bayern)"]
[Site "Wasserburg (25.4.-27.4)"]
[Date "2008.04.27"]
[Round "3.1"]
[White "Prusikin, Michael"]
[Black "Carron, Julien"]
[Result "1-0"]
[WhiteElo "2474"]
[BlackElo "2399"]
[PlyCount "54"]
[EventDate "2008.04.??"]
[EventType "team-tourn"]
[EventRounds "3"]
[WhiteTeam "Bayern/Forchheim SC"]
[BlackTeam "SUI"]
[WhiteTeamCountry "GER"]
[BlackTeamCountry "SUI"]

1. d4 Nf6 2. c4 e6 3. Nc3 Bb4 4. Qc2 O-O 5. e4 Bxc3+ 6. bxc3 Ne8 7. Bd3 Qe7 8.
Ne2 d6 9. O-O e5 10. f4 f6 11. c5 dxc5 12. Ba3 b6 13. fxe5 fxe5 14. Rxf8+ Kxf8
15. Rf1+ Nf6 16. dxe5 Qxe5 17. Nd4 Bg4 18. h3 Ke8 19. hxg4 cxd4 20. Rf5 Qg3 21.
e5 Qe1+ 22. Bf1 Qe3+ 23. Qf2 Nxg4 24. Qxe3 dxe3 25. Be2 Nh6 26. Rf8+ Kd7 27.
Bf3 Nc6 1-0

[Event "Bodensee-Cup 2008 (Schweiz-Bayern)"]
[Site "Wasserburg (25.4.-27.4)"]
[Date "2008.04.27"]
[Round "3.2"]
[White "Landenbergue, Claude"]
[Black "Bezold, Michael(72)"]
[Result "1-0"]
[WhiteElo "2440"]
[BlackElo "2472"]
[PlyCount "75"]
[EventDate "2008.04.??"]
[EventType "team-tourn"]
[EventRounds "3"]
[WhiteTeam "SUI"]
[BlackTeam "Bayern/München-Bayern FC"]
[WhiteTeamCountry "SUI"]
[BlackTeamCountry "GER"]

1. c4 c5 2. Nc3 g6 3. g3 Bg7 4. Bg2 Nc6 5. Nf3 e6 6. e3 Nge7 7. d4 d6 8. O-O
O-O 9. d5 exd5 10. Nxd5 Nxd5 11. cxd5 Ne5 12. Ne1 Re8 13. h3 b6 14. Nd3 Nxd3
15. Qxd3 a5 16. Re1 a4 17. a3 Bd7 18. Rb1 b5 19. Bd2 f5 20. Bc3 Qe7 21. e4 Qf7
22. Bxg7 Kxg7 23. e5 dxe5 24. Qc3 Qf6 25. Qxc5 Rac8 26. Qa7 Qd6 27. Rbc1 g5 28.
Rc6 Qe7 29. Rxe5 Qf7 30. Rxc8 Bxc8 31. Qd4 Rxe5 32. Qxe5+ Kg6 33. d6 Bd7 34.
Bd5 Qf6 35. Qxf6+ Kxf6 36. f4 gxf4 37. gxf4 Be6 38. Bc6 1-0

[Event "Bodensee-Cup 2008 (Schweiz-Bayern)"]
[Site "Wasserburg (25.4.-27.4)"]
[Date "2008.04.27"]
[Round "3.3"]
[White "Rupprecht, Andreas(72)"]
[Black "Zueger, Beat"]
[Result "1/2-1/2"]
[WhiteElo "2364"]
[BlackElo "2391"]
[PlyCount "36"]
[EventDate "2008.04.??"]
[EventType "team-tourn"]
[EventRounds "3"]
[WhiteTeam "Bayern/München-Tarr. SC"]
[BlackTeam "SUI"]
[WhiteTeamCountry "GER"]
[BlackTeamCountry "SUI"]

1. e4 e6 2. d4 d5 3. Nd2 Nf6 4. e5 Nfd7 5. Bd3 c5 6. c3 Nc6 7. Ne2 cxd4 8. cxd4
f6 9. exf6 Nxf6 10. O-O Bd6 11. Nf3 O-O 12. Bf4 Bxf4 13. Nxf4 Ne4 14. Qc1 Ng5
15. Nxg5 Qxg5 16. Ne2 Qf6 17. Qe3 e5 18. dxe5 Nxe5 1/2-1/2

[Event "Bodensee-Cup 2008 (Schweiz-Bayern)"]
[Site "Wasserburg (25.4.-27.4)"]
[Date "2008.04.27"]
[Round "3.4"]
[White "Zenklusen, Rico"]
[Black "Jorczik, Julian"]
[Result "0-1"]
[WhiteElo "2391"]
[BlackElo "2338"]
[PlyCount "79"]
[EventDate "2008.04.??"]
[EventType "team-tourn"]
[EventRounds "3"]
[WhiteTeam "SUI"]
[BlackTeam "Bayern/München-Bayern FC"]
[WhiteTeamCountry "SUI"]
[BlackTeamCountry "GER"]

1. e4 e6 2. d4 d5 3. Nc3 Nf6 4. Bg5 Bb4 5. exd5 Qxd5 6. Bxf6 gxf6 7. Qd2 Qa5 8.
Nge2 Nd7 9. a3 b5 10. Rd1 Bd6 11. d5 Bb7 12. b4 Qb6 13. Nd4 exd5 14. Bxb5 c6
15. Ba4 O-O-O 16. O-O Ne5 17. Qf4 Kb8 18. Nf5 Bc7 19. Qh4 Rhg8 20. Ng3 f5 21.
Bb3 Ng6 22. Qxh7 f4 23. Na4 Qa6 24. Nc5 Qxa3 25. Nf5 Ne5 26. Nd4 Qxb4 27. Nxb7
Qxb7 28. Rb1 Bb6 29. Ba4 Rg6 30. Rfe1 f6 31. Qh5 Rdg8 32. Rxe5 fxe5 33. Qxe5+
Qc7 34. Qh5 Rxg2+ 35. Kh1 R2g6 36. Qh3 Ka8 37. Qc3 Bxd4 38. Qxd4 f3 39. Ra1 Rh6
40. h4 0-1

[Event "Bodensee-Cup 2008 (Schweiz-Bayern)"]
[Site "Wasserburg (25.4.-27.4)"]
[Date "2008.04.27"]
[Round "3.5"]
[White "Klundt, Klaus"]
[Black "Ballmann, Martin"]
[Result "1-0"]
[WhiteElo "2302"]
[BlackElo "2372"]
[PlyCount "93"]
[EventDate "2008.04.??"]
[EventType "team-tourn"]
[EventRounds "3"]
[WhiteTeam "Bayern/Burgsinn SF"]
[BlackTeam "SUI"]
[WhiteTeamCountry "GER"]
[BlackTeamCountry "SUI"]

1. e4 g6 2. d4 Bg7 3. Nc3 d6 4. Nf3 c6 5. Be2 Nd7 6. O-O Qc7 7. a4 Ngf6 8. Re1
O-O 9. Bc4 e6 10. Bb3 b6 11. Bf4 e5 12. Be3 Ng4 13. Bc1 exd4 14. Nxd4 Nc5 15.
Bf4 Be5 16. Bg3 h5 17. Nf3 Bxg3 18. hxg3 Be6 19. Ba2 Bxa2 20. Rxa2 a5 21. Ra1
Rfe8 22. Qd2 Nf6 23. Qf4 Ng4 24. Rad1 Rad8 25. b3 Re6 26. Re2 Ree8 27. Nd4 Ne6
28. Qd2 Nc5 29. f3 Ne5 30. Qh6 Ne6 31. Red2 Nxd4 32. Rxd4 Re6 33. Ne2 d5 34.
Nf4 Red6 35. exd5 cxd5 36. Qg5 Nc6 37. Rxd5 Rxd5 38. Nxd5 Qb8 39. Nf6+ Kg7 40.
Nxh5+ Kg8 41. Rxd8+ Nxd8 42. Nf6+ Kg7 43. Nd7 Qc8 44. Qe5+ Kh7 45. Nf6+ Kg7 46.
Nd5+ Kh7 47. Qc7 1-0

[Event "Bodensee-Cup 2008 (Schweiz-Bayern)"]
[Site "Wasserburg (25.4.-27.4)"]
[Date "2008.04.27"]
[Round "3.6"]
[White "Hochstrasser, Michael"]
[Black "Singer, Christoph(70)"]
[Result "1-0"]
[WhiteElo "2362"]
[BlackElo "2293"]
[PlyCount "99"]
[EventDate "2008.04.??"]
[EventType "team-tourn"]
[EventRounds "3"]
[WhiteTeam "SUI"]
[BlackTeam "Bayern/München-Tarr. SC"]
[WhiteTeamCountry "SUI"]
[BlackTeamCountry "GER"]

1. d4 d5 2. c4 e6 3. Nc3 Be7 4. cxd5 exd5 5. Bf4 c6 6. e3 Nf6 7. Bd3 O-O 8. Qc2
Nbd7 9. Nf3 Re8 10. O-O Nf8 11. Rab1 Ng6 12. Bg3 Bd6 13. b4 a6 14. a4 Bxg3 15.
hxg3 Qe7 16. b5 axb5 17. axb5 Ne4 18. bxc6 bxc6 19. Rfc1 f5 20. Ne2 Ra3 21. Rb3
Rxb3 22. Qxb3 Bd7 23. Bb1 Qd6 24. Nf4 Rb8 25. Qa2 Ne7 26. Ne5 g5 27. Nfd3 Be8
28. Nc5 Nxc5 29. Rxc5 Rb5 30. Nd3 Rxc5 31. Nxc5 Kg7 32. Qa7 Bg6 33. Bc2 Kh6 34.
Qa8 Kg7 35. Qa7 Kh6 36. Qa8 Kg7 37. Qb7 Kh6 38. Ba4 Bh5 39. Qa8 Kg7 40. Qb7 Kh6
41. Nd3 Bg6 42. Qa8 Kg7 43. Qa7 f4 44. Ne5 fxe3 45. fxe3 Kf6 46. Qa8 Qa3 47.
Kh2 Qa2 48. Qf8+ Ke6 49. Bxc6 Nxc6 50. Nxc6 1-0

[Event "Bodensee-Cup 2008 (Schweiz-Bayern)"]
[Site "Wasserburg (25.4.-27.4)"]
[Date "2008.04.27"]
[Round "3.7"]
[White "Deglmann, Ludwig"]
[Black "Loetscher, Roland"]
[Result "1-0"]
[WhiteElo "2297"]
[BlackElo "2395"]
[PlyCount "83"]
[EventDate "2008.04.??"]
[EventType "team-tourn"]
[EventRounds "3"]
[WhiteTeam "Bayern/München-Bayern FC"]
[BlackTeam "SUI"]
[WhiteTeamCountry "GER"]
[BlackTeamCountry "SUI"]

1. e4 c5 2. Nf3 d6 3. c3 Nf6 4. Bd3 g6 5. h3 Nc6 6. Bc2 Bg7 7. O-O O-O 8. Re1
Ne5 9. d3 Nxf3+ 10. Qxf3 Nd7 11. Nd2 Re8 12. Nf1 b5 13. a3 a5 14. Be3 b4 15. d4
cxd4 16. cxd4 b3 17. Bd3 Qb6 18. d5 Nc5 19. Qe2 Bd7 20. Rac1 Rec8 21. Qd2 Rc7
22. Ng3 Rac8 23. Ne2 Qb7 24. Bb1 Na4 25. Rxc7 Rxc7 26. Nd4 Rc5 27. Bd3 e6 28.
dxe6 fxe6 29. Re2 d5 30. Nf3 Bxb2 31. Bxc5 Nxc5 32. Qxb2 Nxd3 33. Qf6 Qc7 34.
exd5 Qc1+ 35. Ne1 Nxe1 36. Qd8+ Kg7 37. Qe7+ Kh6 38. Qf8+ Kh5 39. Re5+ g5 40.
Qf7+ Kh6 41. Qf6+ Kh5 42. g4+ 1-0

[Event "Bodensee-Cup 2008 (Schweiz-Bayern)"]
[Site "Wasserburg (25.4.-27.4)"]
[Date "2008.04.27"]
[Round "3.8"]
[White "Moor, Olivier"]
[Black "Bade, Joern"]
[Result "1/2-1/2"]
[WhiteElo "2369"]
[BlackElo "2250"]
[PlyCount "84"]
[EventDate "2008.04.??"]
[EventType "team-tourn"]
[EventRounds "3"]
[WhiteTeam "SUI"]
[BlackTeam "Bayern/Forchheim SC"]
[WhiteTeamCountry "SUI"]
[BlackTeamCountry "GER"]

1. d4 d5 2. c4 c6 3. Nf3 Nf6 4. Nc3 dxc4 5. a4 Bg4 6. Ne5 Bh5 7. f3 Nfd7 8.
Nxc4 e5 9. Ne4 Bb4+ 10. Bd2 Qe7 11. Bxb4 Qxb4+ 12. Qd2 Qxd2+ 13. Kxd2 exd4 14.
Ned6+ Kd8 15. h4 f6 16. Nxb7+ Ke7 17. Nbd6 Bf7 18. Nxf7 Kxf7 19. e3 Nc5 20. Ra3
Rd8 21. Na5 Kf8 22. Bc4 dxe3+ 23. Kxe3 Nba6 24. Rc1 Nb4 25. Bf1 Rd5 26. Rc4
Re8+ 27. Kf2 Nbd3+ 28. Kg3 Nxb2 29. Rc2 Ncxa4 30. Nxc6 Rc8 31. Nb4 Rxc2 32.
Nxc2 a5 33. Ne3 Rc5 34. Ra2 g6 35. Kf4 Kg7 36. Ke4 Rc1 37. Kd4 f5 38. Bb5 f4
39. Bxa4 Nxa4 40. Rxa4 fxe3 41. Kxe3 Rc5 42. Rd4 Rc7 1/2-1/2

[Event "Bodensee-Cup 2008 (Schweiz-Bayern)"]
[Site "Wasserburg (25.4.-27.4)"]
[Date "2008.04.27"]
[Round "3.9"]
[White "Rother, Christoph"]
[Black "Wirthensohn, Heinz"]
[Result "0-1"]
[WhiteElo "2233"]
[BlackElo "2363"]
[PlyCount "68"]
[EventDate "2008.04.??"]
[EventType "team-tourn"]
[EventRounds "3"]
[WhiteTeam "Bayern/Regensburg-Fort. SV"]
[BlackTeam "SUI"]
[WhiteTeamCountry "GER"]
[BlackTeamCountry "SUI"]

1. d4 d5 2. c4 c6 3. Nf3 Nf6 4. Nc3 dxc4 5. a4 e6 6. e3 c5 7. Bxc4 Nc6 8. O-O
cxd4 9. exd4 Be7 10. Be3 O-O 11. Qe2 Nb4 12. Rfe1 Bd7 13. Ne5 Bc6 14. Nxc6 bxc6
15. Rac1 Qa5 16. b3 Nbd5 17. Nxd5 Nxd5 18. Qh5 Ba3 19. Rcd1 Bb4 20. Rf1 Rad8
21. Qf3 Rd7 22. Rc1 c5 23. Bxd5 Rxd5 24. dxc5 Bxc5 25. Rfd1 Bxe3 26. Rxd5 Bxf2+
27. Qxf2 exd5 28. Rc5 Qb4 29. Rxd5 Qxb3 30. Qd4 Qb1+ 31. Kf2 h6 32. Rd7 Re8 33.
Rd8 Qc2+ 34. Kg3 Qc7+ 0-1